书目信息 |
| 题名: |
货币银行学名校考研真题与习题解析
|
|
| 作者: | 陈胜权 主编 | |
| 分册: | ||
| 出版信息: | 北京 对外经济贸易大学出版社 2005.03 |
|
| 页数: | 340页 | |
| 开本: | 26cm | |
| 丛书名: | 财经类专业课名校考研真题与习题解析系列 | |
| 单 册: | ||
| 中图分类: | F820-44 | |
| 科图分类: | ||
| 主题词: | 货币和银行经济学--研究生--入学考试--解题 | |
| 电子资源: | ||
| ISBN: | 7-81078-441-2 | |
| 000 | 01105nam 2200241 450 | |
| 001 | 192004001861 | |
| 005 | 20070911110751.71 | |
| 010 | @a7-81078-441-2@dCNY37.00 | |
| 100 | @a20070531d2005 km y0chiy0121 ea | |
| 101 | 0 | @achi |
| 102 | @aCN@b110000 | |
| 105 | @ay z 000yy | |
| 200 | 1 | @a货币银行学名校考研真题与习题解析@Ahuo bi yin hang xue ming xiao kao yan zhen ti yu xi ti jie xi@f陈胜权主编 |
| 210 | @a北京@c对外经济贸易大学出版社@d2005.03 | |
| 215 | @a340页@d26cm | |
| 225 | 2 | @a财经类专业课名校考研真题与习题解析系列@Acai jing lei zhuan ye ke ming xiao kao yan zhen ti yu xi ti jie xi xi lie |
| 330 | @a本书精选全国70余所著名高校历年研究生考试100余份货币银行学试卷中的试题。本书适用于高校硕士研究生入学考试中参加货币银行学等考试科目的考生,对各大院校师生学习货币银行学,以及参加MBA、MPA、经济学职称考试和其他相关专业人员来说,本书也具有较高的参考价值。 | |
| 410 | 0 | @12001 @a财经类专业课名校考研真题与习题解析系列 |
| 606 | 0 | @a货币和银行经济学@x研究生@x入学考试@j解题 |
| 690 | @aF820-44@v4 | |
| 701 | 0 | @a陈胜权@Achen sheng quan@4主编 |
| 801 | 0 | @aCN@c20070911 |
| 905 | @dF820-44@eC5652 | |
| 货币银行学名校考研真题与习题解析/陈胜权主编.-北京:对外经济贸易大学出版社,2005.03 |
| 340页;26cm.-(财经类专业课名校考研真题与习题解析系列) |
| ISBN 7-81078-441-2:CNY37.00 |
| 本书精选全国70余所著名高校历年研究生考试100余份货币银行学试卷中的试题。本书适用于高校硕士研究生入学考试中参加货币银行学等考试科目的考生,对各大院校师生学习货币银行学,以及参加MBA、MPA、经济学职称考试和其他相关专业人员来说,本书也具有较高的参考价值。 |
| ● |
| 相关链接 |
|
|
|
正题名:货币银行学名校考研真题与习题解析
索取号:F820-44/C5652
 
预约/预借
| 序号 | 登录号 | 条形码 | 馆藏地/架位号 | 状态 | 备注 |
| 1 | 624757 | 206247578 | 社科库409/422社科库 34排3列3层/ [索取号:F820-44/C5652] | 在馆 | |
| 2 | 624758 | 206247587 | 社科库409/409社科库 50排3列1层/ [索取号:F820-44/C5652] | 在馆 | |
| 3 | 624759 | 206247596 | 社科库409/422社科库 34排3列3层/ [索取号:F820-44/C5652] | 在馆 |